[Event "Istanbul ol (Men)"]
[Site "Istanbul"]
[Date "2000.11.10"]
[Round "13"]
[White "Shirov, Alexei"]
[Black "Bauer, Christian"]
[Result "1-0"]
[WhiteElo "2746"]
[BlackElo "2562"]
[PlyCount "79"]
[EventDate "2000.10.??"]
[Source "www.chesslib.no"]
[SourceDate "2004.05.04"]

1. d4 Nf6 2. c4 e6 3. Nc3 Bb4 4. Qc2 c5 5. dxc5 Na6 6. a3 Qa5 7. Bd2 Nxc5 8. O-O-O Bxc3 9. Bxc3 Qa4 10. Qxa4 Nxa4 11. Be5 b6 12. f3 Ke7 13. Bd6+ Kd8 14. e4 Ne8 15. Bg3 Ke7 16. b3 Nc5 17. b4 Na4 18. Kc2 d6 19. Kb3 Bd7 20. e5 d5 21. cxd5 exd5 22. Ba6 Nc7 23. e6 Nxe6 24. Rxd5 Bc6 25. Bd6+ Kf6 26. Be5+ Ke7 27. Bd6+ Kf6 28. Rd2 Rhd8 29. Ne2 b5 30. Rc1 Be8 31. Rdd1 Nb6 32. Bb7 Nc4 33. Bxa8 Rxa8 34. Nc3 Kg6 35. Nxb5 Bxb5 36. Rxc4 Bxc4+ 37. Kxc4 Rc8+ 38. Kb5 Rc2 39. Ka6 Rxg2 40. Kxa7 1-0

[Event "Hoogovens op"]
[Site "Wijk aan Zee"]
[Date "1995.??.??"]
[Round "9"]
[White "Sokolov, Ivan"]
[Black "Adams, Michael"]
[Result "1/2-1/2"]
[WhiteElo "2645"]
[BlackElo "2655"]
[PlyCount "34"]
[EventDate "1995.01.??"]
[Source "ChessBase"]

1. d4 Nf6 2. c4 e6 3. Nc3 Bb4 4. Qc2 c5 5. dxc5 Nc6 6. Nf3 Bxc5 7. Bg5 Nd4 8. Nxd4 Bxd4 9. e3 Qa5 10. exd4 Qxg5 11. Qd2 Qxd2+ 12. Kxd2 b6 13. b4 Ke7 14. a4 d5 15. c5 bxc5 16. bxc5 Rb8 17. Rb1 Rxb1 1/2-1/2

[Event "Ter Apel"]
[Site "?"]
[Date "1995.??.??"]
[Round "?"]
[White "Sokolov, I."]
[Black "Dautov, R."]
[Result "1-0"]
[WhiteElo "2645"]
[BlackElo "2625"]
[PlyCount "129"]
[EventDate "1995.??.??"]
[Source "ChessBase"]
[SourceDate "1995.02.01"]

1. d4 Nf6 2. c4 e6 3. Nc3 Bb4 4. Qc2 c5 5. dxc5 Na6 6. a3 Qa5 7. Bd2 Nxc5 8. Rd1 Bxc3 9. Bxc3 Qa4 10. Qxa4 Nxa4 11. Be5 b6 12. f3 Ba6 13. e4 Rc8 14. b3 Nc5 15. b4 Na4 16. b5 Bb7 17. Bd6 Kd8 18. Nh3 Ne8 19. Bb4 h6 20. Nf4 a6 21. bxa6 Bxa6 22. Nd3 d6 23. e5 Bxc4 24. exd6 Bxd3 25. Bxd3 Nf6 26. Ba6 Rc2 27. O-O Nc5 28. Bb5 Kc8 29. Rc1 Rxc1 30. Rxc1 Kb7 31. Bc3 Rd8 32. Rd1 Ncd7 33. a4 Rc8 34. Bd4 e5 35. Be3 Rc3 36. Rc1 Rxc1+ 37. Bxc1 Nc5 38. Bb2 Nfd7 39. Kf2 f6 40. Ke3 g5 41. Ba3 f5 42. Kd2 f4 43. Kc3 e4 44. fxe4 Nxe4+ 45. Kd4 Nef6 46. h3 Kc8 47. Ba6+ Kd8 48. Bb7 Ke8 49. Kc4 Kf7 50. Kb5 Ke6 51. Kc6 Ne5+ 52. Kc7 Ne8+ 53. Kxb6 Nxd6 54. Bxd6 Kxd6 55. a5 Nc4+ 56. Kb5 Nxa5 57. Kxa5 Kc5 58. Bf3 Kd4 59. Kb5 Ke3 60. Kc4 Kf2 61. Kd4 h5 62. Ke4 Kg3 63. Ke5 g4 64. hxg4 hxg4 65. Ke4 1-0

[Event "EU-ch 1st 30'"]
[Site "Neum"]
[Date "2000.10.03"]
[Round "6"]
[White "Azmaiparashvili, Zurab"]
[Black "Pigusov, Evgeny"]
[Result "1-0"]
[WhiteElo "2673"]
[BlackElo "2578"]
[PlyCount "83"]
[EventDate "2000.10.02"]
[Source "www.chesslib.no"]
[SourceDate "2004.05.04"]

1. d4 Nf6 2. c4 e6 3. Nc3 Bb4 4. Qc2 c5 5. dxc5 Na6 6. a3 Qa5 7. Bd2 Nxc5 8. f3 Bxc3 9. Bxc3 Qa4 10. Qxa4 Nxa4 11. Bd4 b6 12. e4 d6 13. O-O-O e5 14. Be3 Ke7 15. Ne2 h6 16. b3 Nc5 17. Kb2 Be6 18. Nc3 Bd7 19. Be2 Rhc8 20. Rd2 Bc6 21. g4 Bb7 22. h4 Ne6 23. g5 hxg5 24. hxg5 Ne8 25. Nd5+ Bxd5 26. cxd5 Nc5 27. Bb5 Nc7 28. Bc6 Rh8 29. Rdh2 Rxh2+ 30. Rxh2 Rg8 31. b4 N5a6 32. f4 Nb8 33. Ba4 exf4 34. Bxf4 Nd7 35. Rc2 Na8 36. Bxd7 Kxd7 37. Rc6 Re8 38. Rxd6+ Kc8 39. e5 Rd8 40. Rxd8+ Kxd8 41. d6 b5 42. Be3 1-0

[Event "It active Moscow"]
[Site "?"]
[Date "1992.??.??"]
[Round "?"]
[White "Yakovich, Yuri"]
[Black "Karpov, Anatoly"]
[Result "0-1"]
[WhiteElo "2525"]
[BlackElo "2725"]
[PlyCount "64"]
[EventDate "1992.??.??"]
[Source "www.chesslib.no"]
[SourceDate "2004.05.04"]

1. d4 Nf6 2. c4 e6 3. Nc3 Bb4 4. Qc2 O-O 5. Nf3 c5 6. a3 Bxc3+ 7. Qxc3 cxd4 8. Qxd4 Nc6 9. Qh4 d5 10. cxd5 Qxd5 11. Bg5 Nd7 12. e4 Qb3 13. Rb1 Qc2 14. Nd2 Nc5 15. b4 f6 16. bxc5 fxg5 17. Qxg5 Rd8 18. Rd1 h6 19. Qe3 Ne5 20. Be2 Nd3+ 21. Bxd3 Rxd3 22. Qe2 b6 23. cxb6 Ba6 24. O-O axb6 25. e5 Rd4 26. Qf3 Rad8 27. Rfe1 Rxd2 28. Rc1 Qxc1 29. Rxc1 Be2 30. Qc3 Rd1+ 31. Qe1 Rxc1 32. Qxc1 Rd1+ 0-1

[Event "Aeroflot Open"]
[Site "Moscow"]
[Date "2004.02.19"]
[Round "3"]
[White "Lautier, Joel"]
[Black "Shaposhnikov, Evgeny"]
[Result "1/2-1/2"]
[WhiteElo "2676"]
[BlackElo "2573"]
[PlyCount "43"]
[EventDate "2004.02.17"]
[Source "Roberto Alvarez"]
[SourceDate "2004.03.01"]

1. d4 Nf6 2. c4 e6 3. Nc3 Bb4 4. Qc2 c5 5. dxc5 Bxc5 6. Nf3 d5 7. Bg5 dxc4 8. e4 h6 9. Bh4 Be7 10. Bxc4 Nc6 11. O-O O-O 12. e5 Nd7 13. Bg3 Nb6 14. Be2 Nb4 15. Qe4 Bd7 16. Nd4 N6d5 17. a3 Nxc3 18. bxc3 Bc6 19. Qb1 Nd5 20. Nxc6 bxc6 21. Qc2 Bc5 22. c4 1/2-1/2

[Event "Camp. russo a squadre 2007"]
[Site "Sochi RUS"]
[Date "2007.05.08"]
[Round "7"]
[White "Volkov, Sergey1"]
[Black "Landa, K."]
[Result "1/2-1/2"]
[WhiteElo "2640"]
[BlackElo "2608"]
[PlyCount "78"]
[EventDate "2007.05.02"]
[Source "www.chesslib.no"]
[SourceDate "2004.05.04"]

1. d4 Nf6 2. c4 e6 3. Nc3 Bb4 4. e3 O-O 5. Qc2 c5 6. a3 Bxc3+ 7. Qxc3 b6 8. b3 Bb7 9. Bb2 d6 10. Nf3 Nbd7 11. d5 Qe7 12. Rd1 Rae8 13. Bd3 Kh8 14. O-O exd5 15. cxd5 Bxd5 16. Bb5 Bxf3 17. gxf3 Ne5 18. e4 Qe6 19. Rfe1 Nh5 20. Kh1 Qh3 21. Re3 Nf4 22. Rg1 Re7 23. Qd2 Rd8 24. Rg3 Qh4 25. Re1 Re6 26. Bf1 Rh6 27. h3 Rg6 28. Re3 Re8 29. Kh2 Ree6 30. Qe1 Rg5 31. Bc1 Rf6 32. Rc3 Rgg6 33. Bd2 h6 34. a4 a6 35. Qc1 b5 36. axb5 axb5 37. Bxf4 Rxf4 38. Bxb5 Qf6 39. Be2 h5 1/2-1/2

[Event "Munchen, SW"]
[Site "?"]
[Date "1992.??.??"]
[Round "?"]
[White "Gurevich, Mikhail N"]
[Black "Christiansen, Larry M"]
[Result "1-0"]
[WhiteElo "2635"]
[BlackElo "2595"]
[PlyCount "95"]
[EventDate "1992.??.??"]
[Source "www.chesslib.no"]
[SourceDate "2004.05.04"]

1. d4 Nf6 2. c4 e6 3. Nc3 Bb4 4. Qc2 c5 5. dxc5 Na6 6. a3 Bxc3+ 7. Qxc3 Nxc5 8. b4 Na4 9. Qc2 b5 10. cxb5 Nb6 11. Nf3 Bb7 12. e3 Rc8 13. Qd1 Ne4 14. Bb2 O-O 15. Be2 Nc4 16. Bd4 d6 17. O-O e5 18. Rc1 Nb6 19. Bxb6 axb6 20. Qb3 Qf6 21. Qb2 h5 22. Nd2 Rxc1 23. Qxc1 Rc8 24. Nxe4 Qg6 25. Qd1 Bxe4 26. Bf3 Bxf3 27. Qxf3 Qd3 28. Qb7 Rc3 29. Qxb6 Rxa3 30. h3 Rb3 31. Qc6 Kh7 32. Qf3 Qg6 33. Rd1 Rxb4 34. Qe2 Kg8 35. Kh2 Qe6 36. Rd2 e4 37. Qxh5 f5 38. Qg5 Qe5+ 39. g3 Rxb5 40. Qd8+ Kf7 41. Qd7+ Kg8 42. Rxd6 Kh7 43. Kg2 Ra5 44. Re6 Qb8 45. Qf7 Re5 46. Rg6 Qg8 47. Qxg8+ Kxg8 48. Rg5 1-0

[Event "Jugoslavija"]
[Site "?"]
[Date "1994.??.??"]
[Round "?"]
[White "Beliavsky, A."]
[Black "Sokolov, A."]
[Result "1/2-1/2"]
[WhiteElo "2640"]
[BlackElo "2580"]
[PlyCount "69"]
[EventDate "1994.??.??"]
[Source "ChessBase"]
[SourceDate "1994.06.01"]

1. d4 Nf6 2. c4 e6 3. Nc3 Bb4 4. Qc2 c5 5. dxc5 Bxc5 6. Nf3 Qb6 7. e3 Be7 8. a3 d6 9. Be2 O-O 10. O-O Nbd7 11. Rd1 a6 12. e4 Qc7 13. Nd4 b6 14. Be3 Bb7 15. f3 Rac8 16. Rac1 Rfe8 17. Bf1 Qb8 18. Qf2 Bf8 19. b4 d5 20. cxd5 exd5 21. Nxd5 Nxd5 22. exd5 Rxc1 23. Bxc1 b5 24. Bb2 Nf6 25. Nc6 Qd6 26. Qb6 Bc8 27. Bxf6 Qxf6 28. Qd4 Qxd4+ 29. Rxd4 Bd6 30. Re4 Rxe4 31. fxe4 Kf8 32. g3 Bb7 33. Kf2 Bxc6 34. dxc6 Ke7 35. Bh3 1/2-1/2

[Event "Bunratty Masters"]
[Site "Bunratty"]
[Date "1999.02.19"]
[Round "4"]
[White "Baburin, Alexander"]
[Black "Tiviakov, Sergei"]
[Result "1/2-1/2"]
[WhiteElo "2586"]
[BlackElo "2627"]
[PlyCount "32"]
[EventDate "1999.02.??"]
[Source "www.chesslib.no"]
[SourceDate "2004.05.04"]

1. d4 Nf6 2. c4 e6 3. Nc3 Bb4 4. Qc2 c5 5. dxc5 Bxc5 6. Nf3 Qb6 7. e3 Qc7 8. Bd3 b6 9. b3 Bb7 10. Bb2 Be7 11. Ne4 d6 12. Nxf6+ Bxf6 13. Bxf6 gxf6 14. Nd4 Nc6 15. Nb5 Qd7 16. Be4 a6 1/2-1/2

[Event "Moscow Aeroflot op"]
[Site "Moscow"]
[Date "2002.02.08"]
[Round "6"]
[White "Shariyazdanov, Andrey"]
[Black "Akopian, Vladimir"]
[Result "0-1"]
[WhiteElo "2532"]
[BlackElo "2680"]
[PlyCount "70"]
[EventDate "2002.02.04"]
[Source "ChessBase"]
[SourceDate "2002.03.21"]

1. d4 Nf6 2. c4 e6 3. Nc3 Bb4 4. Qc2 c5 5. dxc5 Na6 6. a3 Bxc3+ 7. Qxc3 Nxc5 8. b4 Nce4 9. Qc2 d5 10. f3 Nd6 11. c5 Nf5 12. e3 e5 13. Bb5+ Kf8 14. Ne2 h5 15. O-O Be6 16. Bd3 Qd7 17. Rd1 h4 18. e4 Ne7 19. f4 dxe4 20. Bxe4 Bd5 21. Bxd5 Nfxd5 22. Nc3 h3 23. Nxd5 Nxd5 24. g3 exf4 25. Bxf4 Qe6 26. Re1 Qc6 27. Bd6+ Kg8 28. Re5 Nf6 29. Qe2 a6 30. a4 Rh5 31. Re7 Rf5 32. Ra3 Ng4 33. Bf4 Rd8 34. Ra2 Rfd5 35. Bd6 R8xd6 0-1

[Event "Elista (ol) 73/611"]
[Site "?"]
[Date "1998.??.??"]
[Round "?"]
[White "Gabriel, Christian"]
[Black "Akopian, Vladimir"]
[Result "1/2-1/2"]
[WhiteElo "2555"]
[BlackElo "2655"]
[PlyCount "59"]
[EventDate "1998.??.??"]
[Source "ChessBase"]
[SourceDate "1998.06.01"]

1. d4 Nf6 2. c4 e6 3. Nc3 Bb4 4. Qc2 c5 5. dxc5 Na6 6. a3 Bxc3+ 7. Qxc3 Nxc5 8. f3 d5 9. cxd5 b6 10. b4 Na4 11. Qb3 b5 12. e4 a6 13. Bd3 O-O 14. Ne2 exd5 15. e5 Nd7 16. f4 Qh4+ 17. Ng3 Ndb6 18. O-O f6 19. Be4 Be6 20. Bf5 Bxf5 21. Nxf5 Qh5 22. Ng3 Qf7 23. Be3 Nc4 24. Rad1 fxe5 25. fxe5 Qe6 26. Bd4 Rxf1+ 27. Nxf1 Rf8 28. h3 h6 29. Nh2 Nab6 30. Nf3 1/2-1/2

[Event "GER-SUI m"]
[Site "Berlin"]
[Date "2002.09.14"]
[Round "1"]
[White "Kortschnoj, Viktor"]
[Black "Naiditsch, Arkadij"]
[Result "1/2-1/2"]
[WhiteElo "2626"]
[BlackElo "2581"]
[PlyCount "114"]
[EventDate "2002.09.14"]
[Source "ChessBase"]
[SourceDate "2002.11.06"]

1. d4 Nf6 2. c4 e6 3. Nc3 Bb4 4. Qc2 c5 5. dxc5 Qc7 6. Nf3 Bxc5 7. Bg5 a6 8. Bxf6 gxf6 9. e3 Nc6 10. a3 b6 11. b4 Bf8 12. Rc1 a5 13. Nb5 Qb8 14. bxa5 Rxa5 15. Be2 Ne5 16. Nxe5 Qxe5 17. Bf3 Ba6 18. O-O Bxb5 19. cxb5 Bc5 20. a4 f5 21. Bd1 Rg8 22. Qd2 Ke7 23. Bb3 Rg4 24. Rfd1 d6 25. g3 h5 26. Rxc5 Qxc5 27. Rc1 Qe5 28. f4 Qe4 29. Rc7+ Kf6 30. Bc2 Qd5 31. Qxd5 exd5 32. Rc6 Ke6 33. Rxb6 Rg8 34. Rc6 Raa8 35. Kf2 Rgc8 36. Rxc8 Rxc8 37. Bd1 Rc1 38. Ke1 d4 39. Kd2 Rb1 40. exd4 Kd5 41. Bc2 Rb4 42. Ke3 Rxd4 43. b6 Rb4 44. a5 Kc6 45. Bxf5 Kb5 46. Bc8 Kxa5 47. b7 f5 48. h3 d5 49. Kd3 Ka4 50. Bxf5 Rxb7 51. Kd4 Ka5 52. Kxd5 Rb3 53. g4 Rxh3 54. g5 Rg3 55. Ke6 h4 56. Kf6 Rf3 57. g6 h3 1/2-1/2

[Event "ST Lee Cup 4th"]
[Site "Beijing"]
[Date "1997.08.30"]
[Round "6"]
[White "Alterman, Boris"]
[Black "Tiviakov, Sergei"]
[Result "1/2-1/2"]
[WhiteElo "2615"]
[BlackElo "2590"]
[PlyCount "43"]
[EventDate "1997.08.23"]
[Source "ChessBase"]
[SourceDate "1997.11.23"]

1. d4 Nf6 2. c4 e6 3. Nc3 Bb4 4. Qc2 c5 5. dxc5 Bxc5 6. Nf3 Qb6 7. e3 Qc7 8. b3 b6 9. Bb2 a6 10. Bd3 Bb7 11. O-O-O Be7 12. Kb1 d6 13. e4 Nbd7 14. Qe2 Ne5 15. Bc2 Nxf3 16. gxf3 O-O-O 17. f4 Nd7 18. Rd2 Kb8 19. Rhd1 Ka7 20. Qh5 g6 21. Qh3 Nf6 22. Ba3 1/2-1/2

[Event "NED-chT"]
[Site "Amsterdam NED"]
[Date "2000.02.06"]
[Round "2"]
[White "Piket, Je"]
[Black "Tiviakov, S."]
[Result "1-0"]
[WhiteElo "2633"]
[BlackElo "2567"]
[PlyCount "87"]
[EventDate "2000.02.05"]
[Source "www.chesslib.no"]
[SourceDate "2004.05.04"]

1. d4 Nf6 2. c4 e6 3. Nc3 Bb4 4. Qc2 c5 5. dxc5 Bxc5 6. Nf3 Qb6 7. e3 Qc7 8. b3 b6 9. Bb2 Bb7 10. Bd3 Be7 11. Rd1 a6 12. O-O d6 13. Qe2 Nbd7 14. Bb1 O-O 15. Nd4 Qc5 16. f4 Rfe8 17. f5 Bf8 18. Na4 Qc7 19. fxe6 fxe6 20. Qf2 Nc5 21. Nc3 Qe7 22. Qg3 Nce4 23. Nxe4 Nxe4 24. Bxe4 Bxe4 25. Nxe6 Bg6 26. Nxf8 Rxf8 27. Rxf8+ Rxf8 28. Rxd6 Qe4 29. Qe1 b5 30. h3 Re8 31. Bd4 Re6 32. Qg3 bxc4 33. bxc4 Rxd6 34. Qxd6 Qb7 35. Qd8+ Kf7 36. Qh8 Qb1+ 37. Kh2 Qxa2 38. Qxg7+ Ke6 39. Qe5+ Kd7 40. Qd5+ Ke7 41. Bc5+ Kf6 42. e4 Qe2 43. Qd8+ Kg7 44. Qf8# 1-0

[Event "Pedro Zabala (6eme memorial)"]
[Site "?"]
[Date "2004.10.12"]
[Round "3"]
[White "Ponomariov Ruslan"]
[Black "Zambrana Oswaldo"]
[Result "1-0"]
[WhiteElo "2710"]
[BlackElo "2472"]
[PlyCount "57"]
[EventDate "2004.??.??"]
[Source "www.chesslib.no"]
[SourceDate "2004.05.04"]

1. d4 Nf6 2. c4 e6 3. Nc3 Bb4 4. Qc2 c5 5. dxc5 Na6 6. Bd2 Nxc5 7. a3 Bxc3 8. Bxc3 Nce4 9. Bd4 d5 10. f3 Nd6 11. cxd5 exd5 12. e3 Bf5 13. Qa4+ Bd7 14. Qb4 Bc6 15. Bd3 O-O 16. Ne2 Re8 17. O-O a5 18. Qc3 Nb5 19. Qd2 Nxd4 20. Nxd4 Nd7 21. Rac1 Rc8 22. Rc3 g6 23. Rfc1 Ne5 24. Be2 Qb6 25. f4 Nd7 26. Bb5 Nf6 27. Bxc6 Ne4 28. Bxe8 Rxc3 29. Qe1 1-0

[Event "Dubai op"]
[Site "Dubai"]
[Date "2002.04.19"]
[Round "5"]
[White "Sasikiran, Krishnan"]
[Black "Shariyazdanov, Andrey"]
[Result "1/2-1/2"]
[WhiteElo "2633"]
[BlackElo "2542"]
[PlyCount "126"]
[EventDate "2002.04.15"]
[Source "ChessBase"]
[SourceDate "2002.05.03"]

1. d4 Nf6 2. c4 e6 3. Nc3 Bb4 4. Qc2 c5 5. dxc5 Bxc5 6. Nf3 Qb6 7. e3 Qc7 8. Bd2 b6 9. Nb5 Qd8 10. Bc3 a6 11. Nbd4 Bb7 12. Bd3 Be7 13. Rd1 Qc7 14. e4 d6 15. Ng5 g6 16. Ndxe6 fxe6 17. e5 O-O 18. Nxe6 Qc8 19. Nxf8 dxe5 20. Nxh7 Kxh7 21. Bxg6+ Kg7 22. Bf5 Qxc4 23. Rd3 Nc6 24. Rg3+ Kf8 25. Qd2 Qf4 26. Qxf4 exf4 27. Rg6 Kf7 28. O-O Rd8 29. Re1 Nd4 30. Rg5 f3 31. Bd3 Nd5 32. Rge5 Bc5 33. Bc4 Ne2+ 34. Bxe2 fxe2 35. R1xe2 Nxc3 36. bxc3 Rd1+ 37. Re1 Rd3 38. h4 Rxc3 39. h5 Rg3 40. Rf5+ Kg7 41. Rxc5 Rxg2+ 42. Kf1 bxc5 43. Re7+ Kh6 44. Rxb7 Rg4 45. Rc7 Ra4 46. Rc6+ Kg7 47. Kg2 Rxa2 48. Kg3 a5 49. Rxc5 a4 50. Ra5 a3 51. f4 Ra1 52. Kg4 a2 53. Ra7+ Kf6 54. Ra6+ Kg7 55. Kf5 Kh7 56. h6 Rb1 57. Rxa2 Rb5+ 58. Ke6 Rb6+ 59. Kd5 Rb5+ 60. Ke4 Rb4+ 61. Kf3 Kxh6 62. Ra6+ Kg7 63. Kg4 Rb5 1/2-1/2

[Event "Penta Media GM"]
[Site "Kelamabakkam"]
[Date "2000.08.20"]
[Round "7"]
[White "Sasikiran, Krishnan"]
[Black "Vladimirov, Evgeny"]
[Result "1/2-1/2"]
[WhiteElo "2573"]
[BlackElo "2598"]
[PlyCount "82"]
[EventDate "2000.08.14"]
[Source "ChessBase"]
[SourceDate "2000.11.21"]

1. d4 Nf6 2. c4 e6 3. Nc3 Bb4 4. Qc2 c5 5. dxc5 Nc6 6. Nf3 Bxc5 7. Bg5 Nd4 8. Nxd4 Bxd4 9. e3 Qa5 10. exd4 Qxg5 11. Qd2 Qxd2+ 12. Kxd2 b6 13. b4 Bb7 14. f3 Ke7 15. Be2 g5 16. a4 g4 17. fxg4 Rhg8 18. d5 Nxg4 19. a5 bxa5 20. Rxa5 Ne5 21. g3 Rgc8 22. c5 Bxd5 23. Nxd5+ exd5 24. Rc1 Rab8 25. Ra4 Rc7 26. Ke3 Ke6 27. Rca1 d6 28. Ra6 d4+ 29. Ke4 f5+ 30. Kf4 Rd7 31. R1a4 h6 32. g4 fxg4 33. Ke4 d3 34. Bxd3 Nxd3 35. Kxd3 Ke5 36. Rxd6 Rxd6+ 37. cxd6 Rb7 38. Ra6 Rxb4 39. Rxa7 Rd4+ 40. Ke3 Rxd6 41. Ra5+ Kf6 1/2-1/2

[Event "Biel"]
[Site "?"]
[Date "1991.??.??"]
[Round "?"]
[White "Shirov, A."]
[Black "Lautier, J."]
[Result "1-0"]
[WhiteElo "2610"]
[BlackElo "2560"]
[PlyCount "93"]
[EventDate "1991.??.??"]
[Source "ChessBase"]
[SourceDate "1991.06.01"]

1. d4 Nf6 2. c4 e6 3. Nc3 Bb4 4. Qc2 c5 5. dxc5 Na6 6. a3 Bxc3+ 7. Qxc3 Nxc5 8. b4 Nce4 9. Qd4 d5 10. c5 b6 11. f3 bxc5 12. bxc5 Qa5+ 13. Qb4 Qc7 14. fxe4 Rb8 15. Qa4+ Bd7 16. c6 O-O 17. Bd2 Bxc6 18. Qa5 Qe5 19. Bc3 Qxe4 20. Bxf6 gxf6 21. Nf3 d4 22. Qd2 e5 23. h4 Qg6 24. Kf2 Kh8 25. h5 Qg7 26. Rc1 Rb6 27. g4 e4 28. Qxd4 exf3 29. h6 Qg6 30. exf3 Bb7 31. Bd3 Qg5 32. Rb1 Rxb1 33. Bxb1 Qe5 34. Qxe5 fxe5 35. Bf5 Bc8 36. Rc1 Bxf5 37. gxf5 Rb8 38. Rc7 Kg8 39. Ke3 Kf8 40. f6 Ke8 41. Re7+ Kf8 42. Rxa7 Ke8 43. Ke4 Rb1 44. a4 Rh1 45. a5 Rxh6 46. Kxe5 Rh1 47. a6 1-0

[Event "Petrosian mem"]
[Site "Stepanakert"]
[Date "2004.03.17"]
[Round "9"]
[White "Sargissian, Gabriel"]
[Black "Ghaem Maghami, Ehsan"]
[Result "1-0"]
[WhiteElo "2618"]
[BlackElo "2549"]
[PlyCount "103"]
[EventDate "2004.03.09"]
[Source "ChessBase"]
[SourceDate "2004.06.01"]

1. d4 Nf6 2. c4 e6 3. Nc3 Bb4 4. Qc2 c5 5. dxc5 Bxc5 6. Nf3 Qb6 7. e3 Qc7 8. a3 b6 9. Be2 Bb7 10. Rg1 Be7 11. g4 d5 12. g5 Ne4 13. b3 Nd7 14. Bb2 a6 15. Rc1 Rc8 16. cxd5 exd5 17. Qd1 Qd6 18. Qd4 Rg8 19. h4 Ndc5 20. Qd1 Rd8 21. b4 Ne6 22. Nxe4 dxe4 23. Qxd6 Bxd6 24. Nd2 Ke7 25. Rg4 h5 26. Rg1 Rc8 27. Nc4 b5 28. Nxd6 Rxc1+ 29. Bxc1 Kxd6 30. Bxh5 g6 31. Bd1 Rh8 32. Rg4 Rc8 33. Bb2 Kd7 34. Rg1 Bd5 35. Kd2 Nc7 36. h5 gxh5 37. Bxh5 Ne8 38. Be5 Bb3 39. Bg4+ Be6 40. Bd1 Nd6 41. Bxd6 Kxd6 42. Bg4 Rd8 43. Kc2 Rc8+ 44. Kb2 Bxg4 45. Rxg4 Ke5 46. Rf4 Rg8 47. Rxf7 Rxg5 48. Kc3 Rg1 49. Rh7 Kf5 50. Rh6 Rf1 51. Rxa6 Rxf2 52. Rb6 1-0

[Event "CCOL11 fin-06"]
[Site "CCOL11 fin-06"]
[Date "1992.??.??"]
[Round "?"]
[White "Blokh, Maksim V"]
[Black "Goth, Jiri/Sevecek"]
[Result "0-1"]
[WhiteElo "2605"]
[BlackElo "2560"]
[PlyCount "56"]
[EventDate "1992.??.??"]
[Source "www.chesslib.no"]
[SourceDate "2004.05.04"]

1. d4 Nf6 2. c4 e6 3. Nc3 Bb4 4. Qc2 c5 5. dxc5 Na6 6. a3 Bxc3+ 7. Qxc3 Nxc5 8. b4 Nce4 9. Qc2 d5 10. f3 Nd6 11. c5 Nf5 12. e3 Qc7 13. Rb1 e5 14. Bb5+ Bd7 15. Qxf5 Bxb5 16. Ne2 O-O 17. Ng3 Rfe8 18. Kf2 a5 19. Bb2 axb4 20. axb4 Ra4 21. Bc3 d4 22. exd4 Nd5 23. Bb2 Nf4 24. Rhd1 Rxb4 25. Nh5 Qe7 26. Kg1 Nxh5 27. Qxh5 exd4 28. h4 Ba4 0-1

[Event "FRG Cup"]
[Site "Cologne GER"]
[Date "1990.??.??"]
[Round "?"]
[White "Huebner, Robert"]
[Black "Christiansen, Larry M"]
[Result "0-1"]
[WhiteElo "2595"]
[BlackElo "2560"]
[PlyCount "46"]
[EventDate "1990.??.??"]
[Source "www.chesslib.no"]
[SourceDate "2004.05.04"]

1. d4 Nf6 2. c4 e6 3. Nc3 Bb4 4. Qc2 c5 5. dxc5 Na6 6. a3 Bxc3+ 7. Qxc3 Nxc5 8. b4 Nce4 9. Qd4 d5 10. cxd5 O-O 11. Bb2 e5 12. Qe3 Bf5 13. Nh3 Nxd5 14. Qd3 Bg6 15. Qd1 Rc8 16. g3 Nxf2 17. Nxf2 Ne3 18. Qxd8 Nc2+ 19. Kd2 Rfxd8+ 20. Nd3 Nxa1 21. Bxe5 Nb3+ 22. Ke3 Re8 23. Bh3 Rcd8 0-1

[Event "Open"]
[Site "Kavala GRE"]
[Date "2007.08.08"]
[Round "5"]
[White "Kotanjian, T."]
[Black "Ivanisevic, I."]
[Result "1/2-1/2"]
[WhiteElo "2559"]
[BlackElo "2595"]
[PlyCount "98"]
[EventDate "2007.08.05"]
[Source "www.chesslib.no"]
[SourceDate "2004.05.04"]

1. d4 Nf6 2. c4 e6 3. Nc3 Bb4 4. Qc2 c5 5. dxc5 Na6 6. a3 Bxc3+ 7. Qxc3 Nxc5 8. b4 Na4 9. Qc2 b5 10. cxb5 Nb6 11. e4 Bb7 12. Bd3 Rc8 13. Qe2 Na4 14. Nf3 Nc3 15. Qe3 Bxe4 16. Bxe4 Nfxe4 17. O-O Qb6 18. Qxb6 axb6 19. Be3 Na4 20. Rfc1 Ke7 21. Nd4 f6 22. f4 g6 23. g3 Rc3 24. Rxc3 Nexc3 25. Re1 Rc8 26. Kg2 Rc4 27. Bf2 Nd5 28. h4 Rc3 29. Ra1 h5 30. Ra2 Rd3 31. Ra1 Ndc3 32. Re1 Rd1 33. Rxd1 Nxd1 34. Ne2 Kd6 35. Kf3 Nxf2 36. Kxf2 Kd5 37. Ke3 Kc4 38. f5 gxf5 39. Nf4 Nc3 40. Nxh5 d5 41. Nxf6 d4+ 42. Kd2 d3 43. h5 Nb1+ 44. Kc1 Kd4 45. h6 Ke3 46. h7 d2+ 47. Kc2 Ke2 48. h8=Q d1=Q+ 49. Kb2 Qd2+ 1/2-1/2

[Event "RUS-ch KO"]
[Site "Moscow"]
[Date "1999.12.18"]
[Round "2.2"]
[White "Kharlov, Andrei"]
[Black "Aseev, Konstantin N"]
[Result "1-0"]
[WhiteElo "2615"]
[BlackElo "2533"]
[PlyCount "43"]
[EventDate "1999.12.04"]
[Source "ChessBase"]
[SourceDate "2000.04.05"]

1. d4 Nf6 2. c4 e6 3. Nc3 Bb4 4. Qc2 c5 5. dxc5 Na6 6. a3 Bxc3+ 7. Qxc3 Nxc5 8. b4 Nce4 9. Qb2 Nd6 10. c5 Nc4 11. Qc3 d5 12. e4 b5 13. Bxc4 bxc4 14. e5 Ne4 15. Qd4 f6 16. f3 fxe5 17. Qxe5 Nf6 18. Ne2 O-O 19. O-O Re8 20. c6 Qb6+ 21. Nd4 Ba6 22. b5 1-0

[Event "Kolkata 84/439"]
[Site "?"]
[Date "2002.??.??"]
[Round "?"]
[White "Sasikiran, K."]
[Black "Sulskis, S."]
[Result "1/2-1/2"]
[WhiteElo "2569"]
[BlackElo "2579"]
[PlyCount "74"]
[EventDate "2002.??.??"]
[Source "Chess Informant"]
[SourceDate "2002.02.01"]

1. d4 Nf6 2. c4 e6 3. Nc3 Bb4 4. Qc2 c5 5. dxc5 Bxc5 6. Nf3 Qb6 7. e3 Qc7 8. Be2 b6 9. g4 Nc6 10. g5 Ng4 11. h3 Nge5 12. Nxe5 Nxe5 13. f4 Bb7 14. Rf1 Ng6 15. Bd2 Nh4 16. O-O-O Nf5 17. Nb5 Qb8 18. b4 a6 19. bxc5 axb5 20. cxb5 O-O 21. Bd3 Rc8 22. Bb4 Nxe3 23. Bxh7+ Kh8 24. Qf2 Kxh7 25. Qxe3 Rxa2 26. Rxd7 Ra1+ 27. Kd2 Rxf1 28. Qd3+ Be4 29. Qxf1 bxc5 30. Bc3 Rd8 31. Rxd8 Qxd8+ 32. Ke3 Bf5 33. Kf2 Qd5 34. Qe1 Qd3 35. Qe5 Qc2+ 36. Kg3 Qd3+ 37. Kf2 Qc2+ 1/2-1/2

[Event "Torshavn op 3rd"]
[Site "Torshavn"]
[Date "2000.10.12"]
[Round "7"]
[White "Baburin, Alexander"]
[Black "Stefansson, Hannes"]
[Result "1-0"]
[WhiteElo "2590"]
[BlackElo "2557"]
[PlyCount "81"]
[EventDate "2000.10.06"]
[Source "ChessBase"]
[SourceDate "2000.11.10"]

1. d4 Nf6 2. c4 e6 3. Nc3 Bb4 4. Qc2 c5 5. dxc5 Na6 6. a3 Bxc3+ 7. Qxc3 Nxc5 8. f3 d5 9. cxd5 b6 10. Bg5 O-O 11. Bxf6 gxf6 12. e3 exd5 13. Ne2 Re8 14. Kf2 Qe7 15. Nf4 Qe5 16. Qxe5 fxe5 17. Nxd5 Rd8 18. e4 Be6 19. b4 Nb3 20. Rd1 Nd4 21. Ba6 b5 22. f4 Bxd5 23. exd5 Rab8 24. fxe5 Rxd5 25. Rhe1 Rbd8 26. Bb7 R5d7 27. Be4 Ne6 28. Rxd7 Rxd7 29. Ke3 Rc7 30. Rd1 Kg7 31. Bf5 Nf8 32. g3 Rc3+ 33. Rd3 Rc1 34. Kd4 Rc4+ 35. Kd5 h5 36. Kd6 Rc2 37. h4 Re2 38. Rf3 Ng6 39. Bxg6 Kxg6 40. Rf6+ Kg7 41. Rf5 1-0

[Event "Istanbul"]
[Site "?"]
[Date "2004.??.??"]
[Round "?"]
[White "Gagunashvili, M."]
[Black "Bocharov, D."]
[Result "1/2-1/2"]
[WhiteElo "2580"]
[BlackElo "2565"]
[PlyCount "66"]
[EventDate "2004.??.??"]
[Source "Chess Informant"]
[SourceDate "2004.06.01"]

1. d4 Nf6 2. c4 e6 3. Nc3 Bb4 4. Qc2 c5 5. dxc5 Qc7 6. a3 Bxc5 7. b4 Be7 8. Nb5 Qc6 9. Nf3 d6 10. e4 a6 11. Nxd6+ Qxd6 12. e5 Qc7 13. exf6 Bxf6 14. Bb2 Nd7 15. c5 Bxb2 16. Qxb2 O-O 17. Be2 b6 18. cxb6 Nxb6 19. Rc1 Qe7 20. O-O Bb7 21. Qd4 Nd5 22. Rc5 Rfd8 23. Rfc1 h6 24. Ne5 Qg5 25. Bf3 Nf4 26. Qe3 Bxf3 27. Qxf3 Qf6 28. Nc6 Rd2 29. Ne7+ Kh7 30. Qxa8 Nh3+ 31. Kh1 Nxf2+ 32. Kg1 Nh3+ 33. Kh1 Nf2+ 1/2-1/2